000 00300nam a2200121Ia 4500
008 220204s9999 xx 000 0 und d
082 _a576.6
_bJEO
100 _aJeon, Kwang W
245 0 _aIntercellular symbiosis
260 _aNew York
_bAcademic
_c1983
650 _aCellular symbiosis
942 _cBK
999 _c38535
_d38535